000 00560nam a22001697a 4500
003 MACL
005 20160513150125.0
008 160513b xxu||||| |||| 00| 0 eng d
040 _cMACL
041 _aHindi
082 _a891.431 SAC
100 _aसच्चिदानन्‍दन, के
_956520
245 _aअपूर्ण और कविताऍ
_cके. सच्चिदानन्‍दन
260 _aनई दिल्‍ली
_bराजकमल प्रकाशन
_c2001
650 _aStories
_956780
942 _2ddc
_cHIN
999 _c53967
_d53967